Entry Nombre personal
001 - NÚMERO DE CONTROL
- campo de control: 42391
003 - IDENTIFICADOR DE NÚMERO DE CONTROL
- campo de control: SpMaBN
005 - FECHA Y HORA DE LA ÚLTIMA TRANSACCIÓN
- campo de control: 20250815053814.0
008 - ELEMENTOS DE DATO DE LONGITUD-FIJA
- campo de control de longitud fija: 930402nn ainnnaabn n aac d
016 ## - NÚMERO DE CONTROL DE UNA AGENCIA BIBLIOGRÁFICA NACIONAL
- Número de control del registro: BNE19931007222
040 ## - FUENTE DE CATALOGACIÓN
- Centro catalogador/agencia de origen: SpMaBN
- Lengua de catalogación: spa
- Centro/agencia transcriptor: SpMaBN
- Normas de descripción: rdc
- Convención/Normas de encabezamiento de materia/tesauro: embne
100 1# - ENCABEZAMIENTO-NOMBRE DE PERSONA
- Nombre de persona: Da Pordenone, Odorico,
- Fechas asociadas al nombre: ca. 1265-1331
400 0# - TRAZADO DE VÉASE--NOMBRE DE PERSONA
- Nombre de persona: Odorico da Pordenone,
- Fechas asociadas al nombre: ca. 1265-1331
400 1# - TRAZADO DE VÉASE--NOMBRE DE PERSONA
- Nombre de persona: Pordenone, Odorico da,
- Fechas asociadas al nombre: ca. 1265-1331
670 ## - FUENTE DE DATOS ENCONTRADOS
- Cita de la fuente: LCSH
- Información encontrada: (Odorico, da Pordenone, 1265?-1331)
